Zápas román

Bibliographic Details
Main Author: Gráf, Štefan, 1905-1989 (Author)
Format: Book
Language:Slovak
PhysicalDescription:309, [ii] s. 8°
Published: Turčiansky Sv. Martin Matica slovenská 1943
Edition:II. vydanie
Series:Knižnica Slovenských pohľadov
Subjects:

MARC

LEADER 00000nam a2200000 a 4500
001 vtls008372242
003 SK-MaSNL
005 20260301040536.0
008 181118s1943 xo slo
015 |a SKSNBA19421945-039/0734 
035 |a SK01SNKBKSD220010064459 
035 |a SKM000066922 
040 |a SNK  |b slo  |c SNK  |e AACR2 
041 1 |a slo 
044 |a xo  |c SK 
080 |a 885.4-3  |2 1981 
100 1 |a Gráf, Štefan,  |d 1905-1989  |4 aut  |9 100390 
245 1 0 |a Zápas  |b román  |c Štefan Gráf 
250 |a II. vydanie 
260 |a Turčiansky Sv. Martin  |b Matica slovenská  |c 1943  |e Turčiansky Sv. Martin  |f Neografia 
300 |a 309, [ii] s.  |c 8° 
490 0 |a Knižnica Slovenských pohľadov  |v sv. 58 
563 |a Ks 45 
650 0 7 |a slovenské romány  |2 SNK  |9 103163 
655 7 |a umelecká literatúra  |2 SNKPH  |9 60405 
830 0 |a Knižnica Slovenských pohľadov  |9 301337 
958 |a OND 
958 |a RK 
958 |a TL 
999 |c 586352  |d 588282 
952 |a SNK  |b SNK  |y VYP  |7 0  |p 17A0433061  |o snkSD 4016/58 D1  |i snkF 5223/62  |8 5  |3 rekatologizácia  |0 0  |1 0  |4 0  |d 2007-02-26  |l 0  |r 2026-02-23 15:08:56  |w 2026-02-23 
952 |a SNK  |b SNK  |y VYP  |7 0  |p 17A0540449  |o snkSD 4016/58 D2  |i snkF 5145/63  |8 5  |3 rekatalogizácia  |0 0  |1 0  |4 0  |d 2007-02-26  |l 0  |r 2026-02-23 15:08:56  |w 2026-02-23 
952 |a SNK  |b SNK  |y VYP  |7 0  |p 17A0540456  |o snkSD 4016/58 D3  |i snkF 374/64  |8 5  |3 rekatalogizácia  |0 0  |1 0  |4 0  |d 2007-02-26  |l 0  |r 2026-02-23 15:08:56  |w 2026-02-23 
952 |a SNK  |b SNK  |y VYP  |7 0  |p 17A0131832  |o snkSD 4016/58  |3 rekatalogizácia  |0 0  |1 0  |4 0  |d 2007-02-26  |l 0  |r 2025-11-07 00:00:00  |w 2026-02-23